Countries Generating the most Rubbish Per Capita - Statistics

General Stats
  • This quiz has been taken 23 times
  • The average score is 5 of 13
Answer Stats
Rubbish Per Day Country % Correct
3.68 kilograms New Zealand
65%
5.72 kilograms Kuwait
55%
3.25 kilograms Bahamas
45%
4.30 kilograms Solomon Islands
45%
3.71 kilograms Tonga
45%
5.50 kilograms Antigua and Barbuda
40%
3.58 kilograms Ireland
40%
4.75 kilograms Barbados
35%
5.45 kilograms St Kitts and Nevis
35%
4.35 kilograms St Lucia
35%
3.28 kilograms Vanuatu
30%
5.10 kilograms Sri Lanka
25%
5.33 kilograms Guyana
10%
No matching quizzes found
Score Distribution
Percent of People with Each Score
Percentile by Number Answered
Your Score History
You have not taken this quiz